书目信息 |
| 题名: |
行政法与行政诉讼法教程
|
|
| 作者: | 皮纯协 主编 | |
| 分册: | ||
| 出版信息: | 广播电大 2000.04 |
|
| 页数: | 330页 | |
| 开本: | 24cm | |
| 丛书名: | ||
| 单 册: | ||
| 中图分类: | D922.1 | |
| 科图分类: | ||
| 主题词: | 法律--中国 | |
| 电子资源: | ||
| ISBN: | 978-7-304-01903-7 | |
| 000 | 00697nam0 2200241 45 | |
| 001 | 0936830150 | |
| 005 | 20091027101511.37 | |
| 010 | @a978-7-304-01903-7@dCNY27.00 | |
| 100 | @a20090515d2000 ekmy0 y0120 ea | |
| 102 | @aCN@b130000 | |
| 102 | @aCN@b110000 | |
| 105 | @ay z 000yy | |
| 200 | 1 | @a行政法与行政诉讼法教程@Axing zheng fa yu xing zheng su song fa jiao cheng@f皮纯协主编@Fpi chun xie zhu bian |
| 205 | @a二版 | |
| 210 | @c广播电大@d2000.04 | |
| 210 | @a北京@c中央广播电视大学出版社 | |
| 215 | @a330页@d24cm | |
| 606 | 0 | @a法律@x中国 |
| 690 | @aD922.1@v4 | |
| 701 | 0 | @a皮纯协@Api chun xie@4主编 |
| 801 | 0 | @aCN@c20091027 |
| 905 | @a10447@dD922.1@eP615 | |
| 906 | @d27@n3@r1 | |
| 行政法与行政诉讼法教程/皮纯协主编.-二版.-广播电大,2000.04.-北京:中央广播电视大学出版社 |
| 330页;24cm |
| ISBN 978-7-304-01903-7:CNY27.00 |
| ● |
| 相关链接 |
|
|
|
正题名:行政法与行政诉讼法教程
索取号:D922.1/P615
 
预约/预借
| 序号 | 登录号 | 条形码 | 馆藏地/架位号 | 状态 | 备注 |
| 1 | 659812 | 206598127 | 社科库509/509社科库 84排6列2层/ [索取号:D922.1/P615] | 在馆 | |
| 2 | 659813 | 206598136 | 社科库509/422社科库 40排2列2层/ [索取号:D922.1/P615] | 在馆 | |
| 3 | 659814 | 206598145 | 社科库509/509社科库 84排6列2层/ [索取号:D922.1/P615] | 在馆 |